Normal view
MARC view
- Universidad Juárez Autónoma de Tabasco
Entry Nombre Corporativo
001 - NÚMERO DE CONTROL
- campo de control: 31564
003 - IDENTIFICADOR DE NUMERO DE CONTROL
- campo de control: UPN
005 - FECHA Y HORA DE LA ÜLTIMA TRANSACCIÓN
- campo de control: 20210219194424.0
008 - DATOS DE LONGITUD FIJA
- campo de control de longitud fija: nabaccnnaabn|||||||||| b |nc|||||d
035 ## - NÚMERO DE CONTROL
- Número de control: UPN11000003670
040 ## - FUENTE DE CATALOGACIÓN
- Lenguaje de catalogación: SPA
- Agencia transcribe: UPN
110 2# - ENCABEZAMIENTO - NOMBRE CORPORATIVO
- Nombre corporativo o de jurisdicción como elemento de entrada : Universidad Juárez Autónoma de Tabasco
410 2# - MENCIÓN DE REFERENCIA “VÉASE” – NOMBRE DE ENTIDAD CORPORATIVA
- Corporate name or jurisdiction name as entry element: UJAT
670 ## - FUENTE EN LA QUE SE LOCALIZARON DATOS
- Cita de la fuente : T
- Información localizada: Excelencia académica compromiso social : programa de trabajo 2000-2004
902 ## - CATALOGADOR
- Catalogador: CAA/161111
